FoxPro 2.6 для Windows: пер. с нем.

Λεπτομέρειες βιβλιογραφικής εγγραφής
Κύριος συγγραφέας: Бемер С. Сильвия
Γλώσσα:Ρωσικά
Έκδοση: Киев, BHV, 1995
Θέματα:
Μορφή: Βιβλίο
KOHA link:https://koha.lib.tpu.ru/cgi-bin/koha/opac-detail.pl?biblionumber=418

MARC

LEADER 00000nam0a2200000 4500
001 418
005 20231030172523.0
010 |a 5876850217 
035 |a (RuTPU)RU\TPU\book\422 
035 |a BOOK00000422 
090 |a 418 
100 |a 20011209d1995 km y0rusy50 ca 
101 1 |a rus  |c ger 
102 |a UA 
105 |a y z 000zy 
200 1 |a FoxPro 2.6 для Windows  |e пер. с нем.  |f С. Бемер 
210 |a Киев  |c BHV  |d 1995 
215 |a 464 с. 
610 1 |a программирование 
610 1 |a ЭВМ 
610 1 |a электронные вычислительные машины 
610 1 |a базы данных 
610 1 |a FoxPro 2.6 
610 1 |a прикладные программы 
675 |a 681.3.016.001.63  |v 3 
700 1 |a Бемер  |b С.  |g Сильвия 
801 0 |a RU  |b 63413507  |c 20011209  |g PSBO 
801 2 |a RU  |b 63413507  |c 20210128  |g PSBO 
942 |c BK